Представление документа в формате MARC21

ПолеНазваниеЗначение
  Тип записи a
  Библиографический уровень m
001 Контрольный номер BIBLIOCLUB\0000720324
005 Дата корректировки 20260430154904.1
006 m o d
007 Элементы данных для физической характеристики c|||||||||||||
008 Кодируемые данные s2024 rus o rus d
020 Индекс ISBN __
a ISBN 978-5-394-05739-7
041 Код языка издания 0_
a Код языка текста rus
084 Индекс другой классификации/Индекс ББК __
a Индекс другой классификации/Индекс ББК 65.298я73
b Номер единицы LBC/PL
2 Источник индекса rubbk
084 Индекс другой классификации/Индекс ББК __
a Индекс другой классификации/Индекс ББК 65.32я73
b Номер единицы LBC/PL
2 Источник индекса rubbk
100 Автор 1_
a Автор Лукьянова М. Т.
245 Заглавие 10
a Заглавие Внешнеэкономическая деятельность организаций АПК
b Продолж. заглавия учебное пособие
c Ответственность М. Т. Лукьянова, Р. У. Гусманов
250 Сведения об издании __
a Основные сведения об издании 4-е изд.
260 Выходные данные __
a Место издания Москва
b Издательство Дашков и К°
c Дата издания 2024
300 Физическое описание __
a Объем 308 с.
b Иллюстрации/ тип воспроизводства ил., табл.
504 Библиография __
a Библиография Библиогр. в кн
653 Ключевые слова 1_
a Ключевые слова Учебник для высшей школы
700 Другие авторы _1
a Другие авторы Гусманов Р. У.
856 Электронный адрес документа 40
3 Область применения данных поля Университетская библиотека ONLINE
u URL https://biblioclub.ru/index.php?page=book&id=720324
900 Электронные ресурсы __
a Имя электронного ресурса https://img.biblioclub.ru/sm_cover/387b6cf8272dbd321cecce161938bff7fskgicas1z/cover.jpg